[Event "10th EUR-ch (w)"]
[Site "Sankt Petersburg RUS"]
[Date "2009.03.11"]
[Round "4"]
[White "Motoc, Alina"]
[Black "Arabidze, Meri"]
[Result "1-0"]
[WhiteElo "2358"]
[BlackElo "2246"]
[EventDate "2009.03.08"]
[PlyCount "91"]

1.d4 Nf6 2.c4 e6 3.Nc3 Bb4 4.Qc2 O-O 5.a3 Bxc3+ 6.Qxc3 b6 7.Bg5 Bb7 8.f3 
d6 9.e4 c5 10.dxc5 bxc5 11.Rd1 Nxe4 12.Bxd8 Nxc3 13.Rxd6 Nc6 14.Bh4 Na4 
15.b3 Nb6 16.Bf2 Rfd8 17.Bxc5 Rxd6 18.Bxd6 Nd4 19.c5 Nc8 20.Bc4 Nxd6 21.
cxd6 Nc2+ 22.Kf2 Rd8 23.Ne2 Rxd6 24.Rc1 Rd2 25.a4 g6 26.a5 Bd5 27.Rb1 Kf8 
28.Rb2 Ke7 29.Bb5 Kd6 30.b4 g5 31.Ba4 Rxe2+ 32.Kxe2 Nd4+ 33.Kd3 e5 34.b5 
h5 35.b6 axb6 36.Rxb6+ Kc7 37.Rf6 g4 38.fxg4 hxg4 39.Bd1 Be6 40.Ke4 Nc6 
41.a6 Kb6 42.Be2 Kc7 43.Bb5 Na7 44.Be8 Nc8 45.Kxe5 Nd6 46.Bxf7 1-0

[Event "10th EUR-ch (w)"]
[Site "Sankt Petersburg RUS"]
[Date "2009.03.11"]
[Round "4"]
[White "Cedikova, Katerina"]
[Black "Grabuzova, Tatiana"]
[Result "0-1"]
[WhiteElo "2150"]
[BlackElo "2332"]
[EventDate "2009.03.08"]
[PlyCount "100"]

1.d4 d5 2.c4 e6 3.Nc3 c5 4.cxd5 exd5 5.Nf3 Nc6 6.g3 Nf6 7.Bg2 Be7 8.O-O 
O-O 9.Bg5 c4 10.Ne5 Be6 11.b3 Qa5 12.Qd2 Rad8 13.Nxc6 bxc6 14.bxc4 dxc4 
15.Bxc6 Bb4 16.Rac1 Qb6 17.Bg2 Qxd4 18.Qxd4 Rxd4 19.Nb5 Rd7 20.Bc6 Rdd8 
21.Nxa7 Bd2 22.Bxd2 Rxd2 23.Bb5 Rxa2 24.Nc6 Ne4 25.Nd4 Bd5 26.Rfd1 Nd2 27.
Rc2 Rxc2 28.Nxc2 c3 29.Ne3 Be4 30.Rc1 Rc8 31.Ba4 Kf8 32.f3 Bg6 33.Bc2 Bxc2
34.Rxc2 Nb3 35.Kf2 Nd4 36.Rc1 c2 37.Ke1 f5 38.Kf2 Kf7 39.Ke1 Ke6 40.Kf2 
Rc3 41.Nxc2 Rxc2 42.Rxc2 Nxc2 43.e3 Nb4 44.Ke2 Nc6 45.Kf2 Ne5 46.Kg2 Kd5 
47.Kf2 Kc4 48.Ke2 Kc3 49.g4 fxg4 50.fxg4 h6 0-1

[Event "10th EUR-ch (w)"]
[Site "Sankt Petersburg RUS"]
[Date "2009.03.11"]
[Round "4"]
[White "Yakovich, Yulia"]
[Black "Shumiakina, Tatiana"]
[Result "0-1"]
[WhiteElo "2125"]
[BlackElo "2324"]
[EventDate "2009.03.08"]
[PlyCount "134"]

1.e4 e5 2.Nf3 Nc6 3.Bc4 Be7 4.d4 d6 5.Nc3 Nf6 6.h3 O-O 7.O-O a6 8.Re1 exd4
9.Nxd4 Nxd4 10.Qxd4 b5 11.Bd5 c5 12.Qd1 Rb8 13.Bf4 Nd7 14.a4 b4 15.Nb1 Nb6
16.Nd2 Bf6 17.Nf3 Bxb2 18.Bxd6 Nxd5 19.Bxf8 Qxf8 20.exd5 Bxa1 21.Qxa1 Bd7 
22.Ne5 Rd8 23.Nc4 h6 24.Re5 f6 25.Re3 Be8 26.Re6 Bf7 27.Rxa6 Bxd5 28.Ne3 
Bf7 29.Rb6 c4 30.a5 Qc5 31.Rb7 Ra8 32.a6 Qc6 33.Rxb4 Rxa6 34.Qc3 Qc7 35.
Qb2 Ra7 36.Qd4 c3 37.g3 Ra1+ 38.Kh2 Qc6 39.Qe4 Qxe4 40.Rxe4 Re1 41.Rd4 Bg6
42.Rc4 Re2 43.Kg2 Bxc2 44.Kf3 Rd2 45.Rxc3 Bd3 46.h4 f5 47.Kg2 Be4+ 48.Kf1 
Ra2 49.Rc1 g5 50.hxg5 hxg5 51.Ng2 Kf7 52.Ne1 Kf6 53.f3 Bb7 54.Rb1 Ba6+ 55.
Kg1 Ke5 56.Rc1 Kd4 57.Nc2+ Kc3 58.Ne1+ Kd2 59.Rb1 Ke2 60.Kg2 Bc4 61.Rc1 
Bd5 62.Kh3 Rd2 63.f4 g4+ 64.Kh4 Be4 65.Ra1 Rd1 66.Ra2+ Kxe1 67.Kg5 Rd3 0-1

[Event "10th EUR-ch (w)"]
[Site "Sankt Petersburg RUS"]
[Date "2009.03.11"]
[Round "4"]
[White "Solovyova, Valentina"]
[Black "Abdulla, Khayala"]
[Result "1-0"]
[WhiteElo "2324"]
[BlackElo "2070"]
[EventDate "2009.03.08"]
[PlyCount "81"]

1.e4 c5 2.c3 d5 3.exd5 Qxd5 4.d4 e6 5.Nf3 Nf6 6.Be2 Be7 7.O-O cxd4 8.cxd4 
Nc6 9.Nc3 Qd6 10.Nb5 Qd8 11.Bf4 Nd5 12.Bg3 O-O 13.Rc1 a6 14.Nc3 Nf6 15.a3 
b6 16.Bc4 Bb7 17.Ba2 Nh5 18.Qd3 Nxg3 19.hxg3 Bf6 20.Rfd1 Ne7 21.Ne5 g6 22.
g4 Nd5 23.Ne4 Bg7 24.g5 Nf4 25.Qe3 Bxe4 26.Qxf4 Bd5 27.Bxd5 Qxd5 28.Ng4 
Rac8 29.Nh6+ Bxh6 30.gxh6 Qh5 31.g4 Qh4 32.f3 Rxc1 33.Rxc1 Rd8 34.Kg2 b5 
35.Rc7 Rf8 36.Qe3 Rd8 37.d5 exd5 38.g5 Rf8 39.Qe5 f6 40.Rg7+ Kh8 41.Rxh7+ 
1-0

[Event "10th EUR-ch (w)"]
[Site "Sankt Petersburg RUS"]
[Date "2009.03.11"]
[Round "4"]
[White "Kushka, Alena"]
[Black "Charochkina, Daria"]
[Result "0-1"]
[WhiteElo "2124"]
[BlackElo "2316"]
[EventDate "2009.03.08"]
[PlyCount "54"]

1.d4 Nf6 2.c4 g6 3.Nc3 d5 4.Nf3 Bg7 5.Bf4 O-O 6.e3 c5 7.dxc5 Qa5 8.Rc1 
dxc4 9.Bxc4 Nc6 10.O-O Qxc5 11.Nb5 Qh5 12.Nc7 Rb8 13.Nd5 e5 14.Bg3 Ne4 15.
Bh4 Bg4 16.Ne7+ Kh8 17.Nxc6 bxc6 18.Qc2 f5 19.Be7 Rfe8 20.Ba3 Bxf3 21.gxf3
Ng5 22.Be2 f4 23.Qxc6 e4 24.Kh1 exf3 25.Bd1 Ne4 26.Rc2 Qh3 27.Rg1 fxe3 0-1

[Event "10th EUR-ch (w)"]
[Site "Sankt Petersburg RUS"]
[Date "2009.03.11"]
[Round "4"]
[White "Balaian, Alina"]
[Black "Galoian, Lilit"]
[Result "1-0"]
[WhiteElo "2037"]
[BlackElo "2316"]
[EventDate "2009.03.08"]
[PlyCount "73"]

1.e4 c5 2.Nc3 Nc6 3.g3 g6 4.d3 Bg7 5.Be3 d6 6.Qd2 Rb8 7.Bg2 b5 8.h3 b4 9.
Nd1 Bd7 10.c3 Qc8 11.Ne2 h5 12.d4 c4 13.f4 bxc3 14.bxc3 e6 15.O-O Nge7 16.
g4 hxg4 17.hxg4 f5 18.d5 exd5 19.exd5 Na5 20.g5 Kf7 21.Nd4 Qa6 22.Nf2 Nb7 
23.Ne6 Bxe6 24.dxe6+ Kxe6 25.Bd4 Bxd4 26.Qxd4 Kd7 27.Rfe1 Rhe8 28.Rab1 Nc5
29.Rxe7+ Rxe7 30.Rxb8 Qa3 31.Qh8 Qc1+ 32.Bf1 Kc6 33.Qd4 Kc7 34.Ra8 Kb7 35.
Qd5+ Kc7 36.Rxa7+ Kd8 37.Qa8# 1-0

[Event "10th EUR-ch (w)"]
[Site "Sankt Petersburg RUS"]
[Date "2009.03.11"]
[Round "4"]
[White "Kochetkova, Yulia"]
[Black "Lezhepekova, Veronika"]
[Result "1-0"]
[WhiteElo "2315"]
[BlackElo "1917"]
[EventDate "2009.03.08"]
[PlyCount "75"]

1.e4 c5 2.Nf3 Nc6 3.d4 cxd4 4.Nxd4 Nf6 5.Nc3 e5 6.Ndb5 d6 7.Bg5 a6 8.Na3 
b5 9.Nd5 Be7 10.Bxf6 Bxf6 11.c4 b4 12.Nc2 a5 13.Be2 O-O 14.O-O Bg5 15.Nde3
Bxe3 16.Nxe3 Nd4 17.Nc2 Nxc2 18.Qxc2 Qb6 19.Rad1 Be6 20.b3 Ra7 21.h3 Qc5 
22.Bg4 Rc7 23.Qe2 Re7 24.Rd3 f5 25.exf5 Bxf5 26.Bxf5 Rxf5 27.Rd5 Qb6 28.
Rfd1 Rf6 29.Qe3 Qc7 30.Qd3 Qa7 31.c5 dxc5 32.Qc4 Kf8 33.Rd8+ Re8 34.Rxe8+ 
Kxe8 35.Qg8+ Rf8 36.Qe6+ Qe7 37.Qc6+ Kf7 38.Rd7 1-0

[Event "10th EUR-ch (w)"]
[Site "Sankt Petersburg RUS"]
[Date "2009.03.11"]
[Round "4"]
[White "Makropoulou, Marina"]
[Black "Zhukova, Natalia"]
[Result "1/2-1/2"]
[WhiteElo "2262"]
[BlackElo "2490"]
[EventDate "2009.03.08"]
[PlyCount "74"]

1.e4 e6 2.d4 d5 3.Nc3 Bb4 4.e5 Ne7 5.Bd2 c5 6.a3 Bxc3 7.Bxc3 cxd4 8.Bxd4 
Nbc6 9.Nf3 Nf5 10.c3 Bd7 11.Bd3 Nfxd4 12.cxd4 Qb6 13.Bc2 Qxb2 14.O-O Qc3 
15.Re1 Rc8 16.Re3 Qa5 17.Rb1 b6 18.h4 h6 19.h5 b5 20.Ne1 Qb6 21.Qg4 Nxd4 
22.Qxg7 Rf8 23.Bd3 Nf5 24.Bxf5 exf5 25.e6 Bxe6 26.Qxh6 Rg8 27.Nd3 Rc4 28.
Rbe1 Re4 29.Qh7 Kf8 30.Nf4 Qd6 31.Qh6+ Ke7 32.Rxe4 fxe4 33.Qh7 Kf8 34.Qh6+
Ke8 35.Rc1 Kd7 36.Nxe6 Qxe6 37.Qf4 Rc8 1/2-1/2

[Event "10th EUR-ch (w)"]
[Site "Sankt Petersburg RUS"]
[Date "2009.03.11"]
[Round "4"]
[White "Akatova, Ekaterina"]
[Black "Peptan, Corina-Isabela"]
[Result "1/2-1/2"]
[WhiteElo "2261"]
[BlackElo "2401"]
[EventDate "2009.03.08"]
[PlyCount "135"]

1.e4 c5 2.Nf3 e6 3.d4 cxd4 4.Nxd4 Qb6 5.Nb3 Nc6 6.Be3 Qc7 7.Nc3 a6 8.Qd2 
Nf6 9.f3 Be7 10.O-O-O d6 11.g4 b5 12.g5 Nd7 13.Kb1 Nce5 14.f4 Nc4 15.Bxc4 
bxc4 16.Nd4 Rb8 17.Ka1 Nc5 18.Qg2 Qb7 19.Rb1 f5 20.gxf6 Bxf6 21.Rhg1 O-O 
22.e5 Qxg2 23.Rxg2 Bb7 24.Re2 dxe5 25.fxe5 Be7 26.b4 cxb3 27.axb3 a5 28.
Ncb5 Be4 29.Nd6 Bxd6 30.exd6 e5 31.Nc6 Nxb3+ 32.Rxb3 Bxc6 33.Bb6 Ba4 34.
Rb2 Rfe8 35.Bc7 Rxb2 36.Kxb2 e4 37.Bxa5 e3 38.c4 Bd1 39.Re1 Bg4 40.c5 Bd7 
41.Kc3 e2 42.Kc4 Bc6 43.Rb1 Re4+ 44.Kd3 Re5 45.Be1 Rxc5 46.Kxe2 Re5+ 47.
Kf1 Kf7 48.Bg3 Re4 49.Rb8 Ke6 50.Kf2 h6 51.Rg8 Kf7 52.Rc8 Bd7 53.Rc7 Ke6 
54.Kf3 Ra4 55.Rc3 g5 56.Re3+ Kd5 57.Re7 Kc6 58.Rg7 Ra5 59.Ke4 h5 60.Be5 
Ra4+ 61.Ke3 Ra3+ 62.Kd4 Ra4+ 63.Ke3 Ra3+ 64.Kf2 g4 65.Rh7 Rf3+ 66.Ke2 h4 
67.Rxh4 Rh3 68.Rxh3 1/2-1/2

[Event "10th EUR-ch (w)"]
[Site "Sankt Petersburg RUS"]
[Date "2009.03.11"]
[Round "4"]
[White "Kirillova, Varvara"]
[Black "Calzetta Ruiz, Monica"]
[Result "1/2-1/2"]
[WhiteElo "2246"]
[BlackElo "2371"]
[EventDate "2009.03.08"]
[PlyCount "36"]

1.e4 c5 2.Nf3 Nc6 3.d4 cxd4 4.Nxd4 g6 5.Nc3 Bg7 6.Nb3 Nf6 7.Be2 O-O 8.O-O 
d6 9.Re1 a6 10.a4 b6 11.Bf3 Ne5 12.Be2 Bb7 13.f4 Ned7 14.Bf3 Qc7 15.Nd5 
Nxd5 16.exd5 Rfe8 17.c3 Rab8 18.Be3 e5 1/2-1/2

[Event "10th EUR-ch (w)"]
[Site "Sankt Petersburg RUS"]
[Date "2009.03.11"]
[Round "4"]
[White "Tsatsalashvili, Keti"]
[Black "Malgina, Tatiana"]
[Result "0-1"]
[WhiteElo "2231"]
[BlackElo "2342"]
[EventDate "2009.03.08"]
[PlyCount "66"]

1.d4 Nf6 2.c4 c5 3.d5 b5 4.cxb5 a6 5.b6 Qxb6 6.Nc3 d6 7.e4 g6 8.Nf3 Bg4 9.
Be2 Bxf3 10.Bxf3 Nbd7 11.O-O Bg7 12.g3 O-O 13.Bg2 Rab8 14.Kh1 Qa5 15.Qe2 
Rfc8 16.Bh3 Rc7 17.f4 c4 18.Rd1 Nc5 19.Qc2 Nd3 20.Bf1 Qc5 21.Kg2 Nxc1 22.
Rdxc1 Ng4 23.Kf3 h5 24.h3 Qe3+ 25.Kg2 Rcb7 26.Rab1 Bxc3 27.hxg4 Rxb2 28.
Kh3 Rxb1 29.Rxb1 Rxb1 30.Qxb1 Be1 31.Kh2 Qxg3+ 32.Kh1 Bf2 33.Bg2 Qh4+ 0-1

[Event "10th EUR-ch (w)"]
[Site "Sankt Petersburg RUS"]
[Date "2009.03.11"]
[Round "4"]
[White "Ivakhinova, Inna"]
[Black "Molchanova, Tatiana"]
[Result "1-0"]
[WhiteElo "2225"]
[BlackElo "2319"]
[EventDate "2009.03.08"]
[PlyCount "57"]

1.e4 c5 2.Nf3 Nc6 3.d4 cxd4 4.Nxd4 g6 5.Nc3 Bg7 6.Be3 Nf6 7.Bc4 O-O 8.Bb3 
d6 9.f3 Bd7 10.Qd2 Rc8 11.O-O-O Ne5 12.Kb1 Nc4 13.Bxc4 Rxc4 14.g4 h5 15.
gxh5 Nxh5 16.Nce2 Ra4 17.Nb3 Bh3 18.Ng3 Nf6 19.Bh6 Qc8 20.Rhg1 Qe6 21.a3 
Ne8 22.Bxg7 Nxg7 23.Qh6 Rc8 24.Ne2 Rac4 25.Rd2 Rxc2 26.Ned4 Qf6 27.Rxc2 
Rxc2 28.Kxc2 Bd7 29.Qg5 1-0

[Event "10th EUR-ch (w)"]
[Site "Sankt Petersburg RUS"]
[Date "2009.03.11"]
[Round "4"]
[White "Berzina, Ilze"]
[Black "Andriasian, Siranush"]
[Result "0-1"]
[WhiteElo "2308"]
[BlackElo "2262"]
[EventDate "2009.03.08"]
[PlyCount "98"]

1.e4 e5 2.Nf3 Nc6 3.Bb5 Nf6 4.O-O Nxe4 5.d4 a6 6.Bd3 d5 7.Nxe5 Nxe5 8.dxe5
Nc5 9.Nc3 Be6 10.f4 Nxd3 11.Qxd3 Bc5+ 12.Kh1 g6 13.Ne2 Qd7 14.Nd4 Be7 15.
b4 Bxb4 16.Rb1 c5 17.f5 gxf5 18.Bg5 c4 19.Qf3 Be7 20.Bxe7 Kxe7 21.Rb6 Rad8
22.Qh5 Qc7 23.Qg5+ Kd7 24.Rfb1 Rhg8 25.Qf6 Rg6 26.Nxe6 Rxf6 27.Nxc7 Rxb6 
28.Rxb6 Kxc7 29.Rf6 Rd7 30.Rxf5 d4 31.Kg1 Kc6 32.Kf2 Kd5 33.Rh5 c3 34.Ke2 
Re7 35.Rxh7 Rxe5+ 36.Kd1 Re7 37.Rh8 Kc4 38.Rd8 b5 39.Ra8 Re6 40.Rf8 Rg6 
41.g3 Rh6 42.h4 Rg6 43.Rxf7 Rxg3 44.h5 Rh3 45.Rh7 Kb4 46.h6 Ka3 47.Rh8 Kb2
48.Rd8 d3 49.Rxd3 Rxd3+ 0-1

[Event "10th EUR-ch (w)"]
[Site "Sankt Petersburg RUS"]
[Date "2009.03.11"]
[Round "4"]
[White "Chasovnikova, Eugenia"]
[Black "Shaidullina, Sandugach"]
[Result "0-1"]
[WhiteElo "2302"]
[BlackElo "2232"]
[EventDate "2009.03.08"]
[PlyCount "88"]

1.d4 d5 2.Bg5 c6 3.Nf3 h6 4.Bh4 Qb6 5.Qc1 Bf5 6.e3 e6 7.Nbd2 Ne7 8.c4 Bh7 
9.c5 Qa5 10.g4 Nd7 11.a3 g5 12.Bg3 Bg7 13.Be2 O-O 14.Bd6 Rfe8 15.b4 Qd8 
16.h4 f6 17.hxg5 fxg5 18.Qc3 Nc8 19.Bg3 a5 20.b5 Qe7 21.Rc1 Qf8 22.a4 Bf6 
23.Bd3 Bxd3 24.Qxd3 Qg7 25.bxc6 bxc6 26.Qc3 Ne7 27.Rb1 Ra7 28.Nb3 Rea8 29.
Ke2 Ng6 30.Rh5 e5 31.Rbh1 e4 32.Ne5 Ngxe5 33.dxe5 Nxe5 34.Bxe5 Bxe5 35.Nd4
Rf7 36.Rxh6 Raf8 37.f4 gxf4 38.Rh8+ Qxh8 39.Rxh8+ Kxh8 40.Qxa5 Bxd4 41.Qb6
fxe3 42.Qxc6 Rf2+ 43.Kd1 e2+ 44.Kd2 Bc3+ 0-1

[Event "10th EUR-ch (w)"]
[Site "Sankt Petersburg RUS"]
[Date "2009.03.11"]
[Round "4"]
[White "Botsari, Anna-Maria"]
[Black "Hairapetian, Anna"]
[Result "1-0"]
[WhiteElo "2289"]
[BlackElo "2177"]
[EventDate "2009.03.08"]
[PlyCount "71"]

1.d4 Nf6 2.c4 g6 3.Nc3 Bg7 4.e4 O-O 5.Bg5 d6 6.f3 h6 7.Be3 e5 8.d5 c6 9.
Qd2 cxd5 10.cxd5 h5 11.Bd3 Nbd7 12.Nge2 Nc5 13.Bc2 a5 14.O-O h4 15.b3 h3 
16.g3 Nh7 17.Rac1 Bf6 18.a3 Bg5 19.f4 exf4 20.gxf4 Bh6 21.e5 b6 22.Nd4 Bb7
23.Ndb5 dxe5 24.fxe5 Bg7 25.Bf4 Qd7 26.Nd6 Qg4+ 27.Kh1 Ba6 28.Rf2 Rad8 29.
Rg1 Qd7 30.b4 Ne6 31.dxe6 Qxe6 32.Re1 Qg4 33.Be4 Rfe8 34.Bf3 Qh4 35.Bg3 
Qe7 36.Nd5 1-0

[Event "10th EUR-ch (w)"]
[Site "Sankt Petersburg RUS"]
[Date "2009.03.11"]
[Round "4"]
[White "Paikidze, Nazi"]
[Black "Kuzevanova, Evgenia"]
[Result "1-0"]
[WhiteElo "2280"]
[BlackElo "2131"]
[EventDate "2009.03.08"]
[PlyCount "75"]

1.d4 Nf6 2.c4 g6 3.Nc3 d5 4.Bg5 Ne4 5.Bh4 Nxc3 6.bxc3 dxc4 7.e3 Bg7 8.Bxc4
O-O 9.Nf3 c5 10.O-O Nc6 11.Qe2 a6 12.a4 Bg4 13.h3 Bxf3 14.Qxf3 Qd7 15.Rfd1
cxd4 16.cxd4 e6 17.Be2 Nb4 18.Rab1 Nd5 19.e4 Ne7 20.Qb3 Nc6 21.Qxb7 Qxb7 
22.Rxb7 Nxd4 23.Bf1 a5 24.Rd7 Nb3 25.Be7 Rfc8 26.Ba6 Re8 27.Bc4 Nd4 28.Bg5
Nc6 29.Bb5 Nb4 30.Rd8 Rexd8 31.Rxd8+ Rxd8 32.Bxd8 Bd4 33.Bxa5 Na2 34.Bc6 
Nc3 35.Bd8 Nd1 36.a5 Bxf2+ 37.Kf1 Ba7 38.Bb6 1-0

[Event "10th EUR-ch (w)"]
[Site "Sankt Petersburg RUS"]
[Date "2009.03.11"]
[Round "4"]
[White "Borisova, Elizaveta"]
[Black "Minina, Veronika"]
[Result "1/2-1/2"]
[WhiteElo "2270"]
[BlackElo "2125"]
[EventDate "2009.03.08"]
[PlyCount "103"]

1.d4 Nf6 2.c4 g6 3.Nc3 Bg7 4.e4 d6 5.f3 O-O 6.Be3 c5 7.dxc5 dxc5 8.Qxd8 
Rxd8 9.Bxc5 Nc6 10.Nge2 e6 11.Rd1 Nd7 12.Be3 b6 13.Kf2 Ba6 14.Nb5 Nde5 15.
Rxd8+ Rxd8 16.Nec3 Bxb5 17.cxb5 Nb4 18.Kg3 Ned3 19.Bxd3 Rxd3 20.Bf4 Bxc3 
21.bxc3 Nxa2 22.c4 Nc3 23.Kg4 Rd1 24.Rxd1 Nxd1 25.Bc1 f6 26.f4 Kf7 27.Kf3 
f5 28.Ba3 Nc3 29.exf5 exf5 30.Ke3 Ke6 31.Kd3 Ne4 32.Kd4 Nd6 33.Bb2 Nb7 34.
Ke3 Nd6 35.Kd3 Nb7 36.Be5 Nc5+ 37.Kd4 Nd7 38.Bc7 h6 39.h4 h5 40.g3 Nc5 41.
Bb8 a5 42.bxa6 Nxa6 43.Ba7 Nc5 44.Bxb6 Ne4 45.c5 Nxg3 46.Bc7 Ne2+ 47.Kc4 
Kd7 48.Be5 Kc6 49.Bd6 Ng1 50.Be7 Nh3 51.Bd6 Ng1 52.Be7 1/2-1/2

[Event "10th EUR-ch (w)"]
[Site "Sankt Petersburg RUS"]
[Date "2009.03.11"]
[Round "4"]
[White "Cherenkova, Kristina"]
[Black "Martynova, Anastasia"]
[Result "1-0"]
[WhiteElo "2270"]
[BlackElo "1894"]
[EventDate "2009.03.08"]
[PlyCount "95"]

1.e4 e6 2.d3 d5 3.Nd2 c5 4.Ngf3 Nc6 5.g3 g6 6.Bg2 Bg7 7.O-O Nge7 8.exd5 
exd5 9.d4 Nxd4 10.Nxd4 cxd4 11.Nb3 Qb6 12.Bg5 Be6 13.Re1 Rd8 14.Qf3 Rd7 
15.Bf6 Bg4 16.Bxe7 Bxf3 17.Bc5+ Qe6 18.Rxe6+ fxe6 19.Bxf3 e5 20.Bxa7 O-O 
21.Bg4 Rc7 22.Bc5 Rf6 23.f4 Rfc6 24.fxe5 Rxc5 25.Nxc5 Rxc5 26.e6 Bf6 27.
Re1 Kf8 28.Re2 Ke7 29.Kf2 Rb5 30.b3 Ra5 31.Bf3 Bg5 32.Re5 Be3+ 33.Ke2 Rxa2
34.Kd3 Bg1 35.h3 Bh2 36.Bxd5 Bxg3 37.Re4 b6 38.Rxd4 Ra5 39.Ke4 Ra1 40.Rd3 
Bh4 41.Kd4 Ra7 42.Kc4 Ra5 43.b4 Ra1 44.Kb5 Rb1 45.Bb3 Bf2 46.Rd7+ Ke8 47.
Rxh7 Re1 48.Bd5 1-0

[Event "10th EUR-ch (w)"]
[Site "Sankt Petersburg RUS"]
[Date "2009.03.11"]
[Round "4"]
[White "Peng Zhaoqin"]
[Black "Lupik, Marina"]
[Result "1-0"]
[WhiteElo "2461"]
[BlackElo "2163"]
[EventDate "2009.03.08"]
[PlyCount "59"]

1.d4 Nf6 2.Nf3 c5 3.d5 g6 4.c4 Bg7 5.Nc3 O-O 6.e4 d6 7.Be2 e5 8.O-O Ne8 9.
Ne1 f5 10.f4 Nd7 11.Nd3 Ndf6 12.fxe5 Nxe4 13.Nxe4 fxe4 14.Rxf8+ Kxf8 15.
Qf1+ Bf5 16.Nf4 Kg8 17.e6 Bd4+ 18.Kh1 Nf6 19.a4 Qe7 20.Ra3 Rf8 21.Qe1 h5 
22.h3 Kg7 23.Qh4 Nxd5 24.Nxh5+ gxh5 25.Rg3+ Bg6 26.Qxh5 Qxe6 27.cxd5 Qf5 
28.Qh6+ Kf7 29.Rxg6 Qf2 30.Rg7+ 1-0

[Event "10th EUR-ch (w)"]
[Site "Sankt Petersburg RUS"]
[Date "2009.03.11"]
[Round "4"]
[White "Cherednichenko, Elena"]
[Black "Manakova, Maria"]
[Result "1/2-1/2"]
[WhiteElo "2161"]
[BlackElo "2299"]
[EventDate "2009.03.08"]
[PlyCount "69"]

1.d4 d5 2.Nf3 c6 3.e3 Bf5 4.c4 e6 5.Nc3 Nf6 6.Nh4 Bg6 7.Be2 Nbd7 8.a3 Ne4 
9.Nxg6 Nxc3 10.bxc3 hxg6 11.cxd5 exd5 12.c4 Qc7 13.g3 Bd6 14.cxd5 cxd5 15.
Bd2 Nf6 16.Qa4+ Kf8 17.O-O Qc8 18.Bb4 Bxb4 19.Qxb4+ Kg8 20.f3 Qe6 21.e4 
dxe4 22.Qxb7 Rd8 23.fxe4 Nxe4 24.d5 Qxd5 25.Qxd5 Rxd5 26.Bc4 Rf5 27.Rxf5 
gxf5 28.Rd1 Rh6 29.Rd7 Rc6 30.Bxf7+ Kf8 31.Rxa7 Rc1+ 32.Kg2 Rc2+ 33.Kg1 
Rc1+ 34.Kg2 Rc2+ 35.Kg1 1/2-1/2

[Event "10th EUR-ch (w)"]
[Site "Sankt Petersburg RUS"]
[Date "2009.03.11"]
[Round "4"]
[White "Zakharova, Alexandra"]
[Black "Lomako, Anna"]
[Result "0-1"]
[WhiteElo "2152"]
[BlackElo "2277"]
[EventDate "2009.03.08"]
[PlyCount "58"]

1.d4 d5 2.c4 e5 3.dxe5 d4 4.Nf3 Nc6 5.a3 Nge7 6.Nbd2 a5 7.g3 Nf5 8.Bg2 Be7
9.O-O g5 10.g4 Ng7 11.Ne4 Bxg4 12.Bxg5 Bxg5 13.Nexg5 Qe7 14.b4 Rd8 15.Qa4 
axb4 16.Ne4 Nh5 17.axb4 O-O 18.Qb5 Kh8 19.Qxb7 Nxb4 20.Ra7 Nf4 21.Ng3 Rg8 
22.Ra4 d3 23.exd3 Nxg2 24.Kxg2 Nxd3 25.c5 Nxc5 26.Qb4 Rb8 27.Qd4 Nxa4 28.
e6+ f6 29.Qxa4 Qxe6 0-1

[Event "10th EUR-ch (w)"]
[Site "Sankt Petersburg RUS"]
[Date "2009.03.11"]
[Round "4"]
[White "Kursova, Maria"]
[Black "Ni, Viktorija"]
[Result "1-0"]
[WhiteElo "2268"]
[BlackElo "2150"]
[EventDate "2009.03.08"]
[PlyCount "55"]

1.d4 Nf6 2.Nf3 g6 3.c4 Bg7 4.g3 c5 5.Bg2 Qa5+ 6.Bd2 Qb6 7.Nc3 cxd4 8.Na4 
Qd8 9.Nxd4 O-O 10.O-O d5 11.cxd5 Nxd5 12.Nb3 Nc6 13.Qc2 Bg4 14.Qc4 Nf6 15.
Bc3 Qc8 16.Nac5 Bh3 17.Rac1 Bxg2 18.Kxg2 Nd8 19.Qd3 b6 20.Na6 Qb7+ 21.f3 
Ne6 22.Qb5 Rac8 23.Nb4 Nc7 24.Qc6 Qxc6 25.Nxc6 Ncd5 26.Bd2 Rfe8 27.e4 Nc7 
28.Nxa7 1-0

[Event "10th EUR-ch (w)"]
[Site "Sankt Petersburg RUS"]
[Date "2009.03.11"]
[Round "4"]
[White "Makka, Evanthia"]
[Black "Tarasova, Viktoria"]
[Result "0-1"]
[WhiteElo "2110"]
[BlackElo "2257"]
[EventDate "2009.03.08"]
[PlyCount "74"]

1.e4 e5 2.Nf3 Nc6 3.Bc4 Bc5 4.Nc3 Nf6 5.d3 O-O 6.Bg5 h6 7.Bxf6 Qxf6 8.Nd5 
Qd8 9.c3 a6 10.O-O d6 11.Ne3 Ba7 12.a3 Ne7 13.d4 b5 14.Ba2 exd4 15.Nxd4 
Bb7 16.Qg4 Nc6 17.Ndf5 Qg5 18.Qxg5 hxg5 19.Nd5 g6 20.Nfe7+ Nxe7 21.Nxe7+ 
Kg7 22.Bd5 Bxd5 23.exd5 Rh8 24.Nc6 Bb6 25.a4 bxa4 26.Rxa4 Rhe8 27.g3 Re2 
28.b3 Rc2 29.Rc4 Re8 30.Nd4 Ra2 31.b4 Re5 32.Rd1 Rxd5 33.Rc6 Re5 34.c4 g4 
35.Kg2 Rb2 36.b5 Re4 37.c5 Bxc5 0-1

[Event "10th EUR-ch (w)"]
[Site "Sankt Petersburg RUS"]
[Date "2009.03.11"]
[Round "4"]
[White "Mamedyarova, Turkan"]
[Black "Rozhko, Maria"]
[Result "1-0"]
[WhiteElo "2245"]
[BlackElo "2134"]
[EventDate "2009.03.08"]
[PlyCount "125"]

1.Nf3 Nf6 2.g3 g6 3.Bg2 Bg7 4.O-O O-O 5.d3 d6 6.c3 c6 7.Qc2 Nbd7 8.Nbd2 e5
9.b3 Qc7 10.Ba3 Re8 11.Ne4 d5 12.Nd6 Rd8 13.Ng5 c5 14.Nxc8 Raxc8 15.e4 h6 
16.Nf3 dxe4 17.dxe4 c4 18.Rac1 Nc5 19.Bxc5 Qxc5 20.bxc4 Ne8 21.Bh3 Rc6 22.
Rfd1 Rcd6 23.Bf1 Qc6 24.Rd5 Nc7 25.Rxd6 Rxd6 26.Re1 Ne6 27.h4 h5 28.Qb1 
Nc5 29.Qb5 Na4 30.Qxc6 Rxc6 31.Rd1 Bf6 32.Rc1 Rb6 33.Rc2 Rb1 34.Nd2 Re1 
35.Kg2 Be7 36.Nf3 Rb1 37.Nxe5 Bf6 38.Nd7 Bxc3 39.e5 Rd1 40.Nf6+ Kf8 41.f4 
Rd2+ 42.Rxd2 Bxd2 43.Be2 Nc3 44.Bf3 b6 45.Bd5 Be3 46.Kf3 Bg1 47.a3 Ke7 48.
Bc6 Bc5 49.a4 Ke6 50.Ng8 Bf8 51.Bb7 Kd7 52.Nf6+ Kd8 53.Bc6 Bg7 54.Nd5 Nxd5
55.cxd5 Bf8 56.d6 Bg7 57.Ke4 Bf8 58.Kd5 Bg7 59.Ke4 Bf8 60.Kd5 Bg7 61.Kc4 
a6 62.Kd5 Bf8 63.Bb7 1-0

[Event "10th EUR-ch (w)"]
[Site "Sankt Petersburg RUS"]
[Date "2009.03.11"]
[Round "4"]
[White "Sokolova, Vera"]
[Black "Dolgova, Olga"]
[Result "0-1"]
[WhiteElo "2084"]
[BlackElo "2245"]
[EventDate "2009.03.08"]
[PlyCount "88"]

1.e4 c6 2.d4 d5 3.exd5 cxd5 4.c4 Nf6 5.Nc3 e6 6.Nf3 Bb4 7.cxd5 Nxd5 8.Qc2 
Nc6 9.Bd3 Ba5 10.a3 h6 11.O-O O-O 12.Bh7+ Kh8 13.Be4 Nce7 14.Be3 Nf6 15.
Ne5 Nxe4 16.Qxe4 Kg8 17.Rad1 Bxc3 18.bxc3 Nd5 19.Bd2 b5 20.Qg4 Nf6 21.Qh3 
Bb7 22.Rde1 Qd5 23.Bc1 Rac8 24.Re3 Ne4 25.Rd3 Nxc3 26.Bd2 Ne2+ 27.Kh1 Nxd4
28.Bxh6 Qxe5 29.Bxg7 Qxg7 30.Rg3 Nf5 31.Rxg7+ Kxg7 32.Qg4+ Kf6 33.Qb4 Rg8 
34.Qb2+ Ke7 35.f3 a6 36.Qb4+ Nd6 37.Rd1 Bd5 38.Qd4 Rc7 39.Qb6 Rgc8 40.Qxa6
Rc1 41.Rg1 Ra8 42.Qb6 Rc6 43.Qe3 Nf5 44.Qd2 Ng3+ 0-1

[Event "10th EUR-ch (w)"]
[Site "Sankt Petersburg RUS"]
[Date "2009.03.11"]
[Round "4"]
[White "Huda, Maryana"]
[Black "Baciu, Diana"]
[Result "1/2-1/2"]
[WhiteElo "2240"]
[BlackElo "2107"]
[EventDate "2009.03.08"]
[PlyCount "75"]

1.d4 Nf6 2.c4 e6 3.Nc3 d5 4.cxd5 exd5 5.Bg5 c6 6.e3 Be7 7.Bd3 Bg4 8.f3 Bh5
9.Nge2 Bg6 10.O-O O-O 11.h3 Nbd7 12.Bh4 Nh5 13.Bf2 Re8 14.g4 Nhf6 15.e4 
dxe4 16.fxe4 Bb4 17.Qc2 c5 18.Rad1 cxd4 19.Bxd4 Qe7 20.Qb3 Bc5 21.Nd5 
Bxd4+ 22.Nxd4 Nxd5 23.Qxd5 Nf6 24.Qb5 Bxe4 25.Bc4 Rad8 26.Qb3 Bd5 27.g5 
Qe4 28.Bxd5 Rxd5 29.Nf3 Rxd1 30.Rxd1 Nh5 31.Re1 Qc6 32.Rxe8+ Qxe8 33.Qxb7 
Qe3+ 34.Kf1 h6 35.Qc8+ Kh7 36.Qf5+ Kg8 37.Qc8+ Kh7 38.Qf5+ 1/2-1/2

[Event "10th EUR-ch (w)"]
[Site "Sankt Petersburg RUS"]
[Date "2009.03.11"]
[Round "4"]
[White "Gorbatenko, Kateryna"]
[Black "Ambartsumova, Karina"]
[Result "1-0"]
[WhiteElo "2071"]
[BlackElo "2227"]
[EventDate "2009.03.08"]
[PlyCount "63"]

1.d4 f5 2.c4 Nf6 3.Nc3 e6 4.Nf3 d5 5.Bf4 c6 6.e3 Be7 7.h3 O-O 8.Bd3 b6 9.
Qc2 Ne4 10.Ne5 Bb7 11.O-O Nd7 12.f3 Nd6 13.b3 Nxe5 14.Bxe5 Nf7 15.Bg3 Rc8 
16.Rac1 c5 17.Qe2 Bf6 18.cxd5 cxd4 19.dxe6 Ne5 20.Bxe5 Bxe5 21.Bc4 Kh8 22.
f4 dxc3 23.fxe5 Qg5 24.Rcd1 c2 25.Rc1 Be4 26.Bd3 Bxg2 27.Qxg2 Qxe3+ 28.Kh1
Qxd3 29.e7 Rfe8 30.Rf2 Rxe7 31.Rfxc2 Rd8 32.Rd2 1-0

[Event "10th EUR-ch (w)"]
[Site "Sankt Petersburg RUS"]
[Date "2009.03.11"]
[Round "4"]
[White "Malinicheva, Lidia"]
[Black "Eidelson, Rakhil"]
[Result "0-1"]
[WhiteElo "2068"]
[BlackElo "2225"]
[EventDate "2009.03.08"]
[PlyCount "112"]

1.e4 c5 2.Nc3 a6 3.g3 b5 4.Bg2 Bb7 5.d3 e6 6.Qe2 b4 7.Nd1 Nf6 8.Nh3 Nc6 9.
O-O d5 10.e5 Nd4 11.Qd2 Nd7 12.f4 h5 13.c3 Nf5 14.Ng5 Be7 15.Qe2 Qc7 16.
Nf3 h4 17.gxh4 Nxh4 18.Nxh4 Rxh4 19.Be3 O-O-O 20.d4 bxc3 21.bxc3 c4 22.Rb1
Rdh8 23.h3 Bc6 24.Rf3 Nf8 25.Bf2 R4h5 26.Ne3 g6 27.Qb2 Nd7 28.Be1 Qa5 29.
Nc2 Kc7 30.Bd2 Rb8 31.Qa1 Rxb1+ 32.Qxb1 Rh8 33.Rf1 Rb8 34.Qa1 Qa4 35.Ne3 
Qb5 36.Nd1 Qb1 37.Ne3 Qd3 38.Qc1 Nb6 39.Bf3 Na4 40.Rd1 Nb2 41.Rf1 Bh4 42.
Kh2 Na4 43.Bg2 Rb2 44.Rd1 Bf2 45.Nf1 Rc2 46.Qa3 Rb2 47.Qe7+ Kb6 48.Qd8+ 
Ka7 49.Qc7+ Bb7 50.Qxf7 Nxc3 51.Bxc3 Qxc3 52.Qxg6 Bxd4 53.Qxe6 Qf3 54.Qg4 
Rxg2+ 55.Qxg2 Qxd1 56.e6 Qe1 0-1